LEADER 01409nam a2200337 a 4500 001 000000126686 003 CaOOAMICUS 005 20111025131929.0 008 111025s2011 it u000 u ita r 020 $a978-88-420-9487-6 040 $aPUL$bita 041 1 $aita$heng 082 04$a337.1 100 1 $aRodrik, Dani.$0(OLS)http://pul/name/80764 240 10$aGlobalization paradox.$lItaliano.$0(OLS)http://pul/title/160017 245 13$aLa globalizzazione intelligente /$cDani Rodrik ; traduzione di Nicola Cafiero. 260 $aBari ; Roma :$bGius. Laterza & figli,$c2011. 300 $aXXIII, 380 p. ;$c21 cm 490 1 $aRobinson. Letture 500 $aContiene riferimenti bibliografici ed indice. 650 04$aGlobalizzazione.$0(OLS)http://pul/subject/38133 700 1 $aCafiero, Nicola.$0(OLS)http://pul/name/80765 830 2$aI Robinson.$pLetture.$0(OLS)http://pul/title/65836 850 $aPUL 852 $aPUL$W1$xSL Diritto e Scienze Sociali 3$y79$m337. 1 RODDA 1$j146471$qDDC 21$B145178$CPULBib$Z2$F145178 $H118201 $82 941 1 $a9 996 $6020$a978-88-420-9487-6$9(OLS)http://pul/number/148241 996 $6082$a337.1$9(OLS)http://pul/classification/696 996 $6245$aLa globalizzazione intelligente$9(OLS)http://pul/title/160018 996 $6260$aBari ; Roma :$bGius. Laterza & figli$9(OLS)http://pul/publisher/81307 LEADER 01514nam a2200349 a 4500 001 000000173599 003 CaOOAMICUS 005 20200626115842.0 008 200626s2010 enk u000 u eng r 020 $z978-0-19-959535-8* 032 $aLibriCat 040 $aPUL$bita 082 04$a342.4 100 1 $aMcCrea, Ronan.$0(OLS)http://pul/name/111469 245 10$aReligion and the public order of the European Union /$cRonan McCrea. 260 $aOxford :$bOxford University Press,$c©2010. 300 $axxxvi, 294 p. ;$c24 cm 440 0$aOxford studies in European law 500 $aInclude indici. 504 $aBibliografia p. [273]-283. 650 4$aLibertą di culto$xUnione Europea.$0(OLS)http://pul/subject/38975 650 4$aLibertą religiosa$zEuropa.$0(OLS)http://pul/subject/20324 830 0$aOxford studies in European law.$0(OLS)http://pul/title/214778 850 $aPUL 852 $aPUL$W1$xSL Diritto e Scienze Sociali 3$y79$m342. 4 MCRRO 1$j197598$bRist. 2012$qDDC 21$B202385$CPULBib$Z2$F202385 $H132498 $82 941 1 $a9 996 $6020$z978-0-19-959535-8*$9(OLS)http://pul/number/167595 996 $6082$a342.4$9(OLS)http://pul/classification/2088 996 $6245$aReligion and the public order of the European Union$9(OLS)http://pul/title/214777 996 $6440$aOxford studies in European law $9(OLS)http://pul/title/214778 996 $6260$aOxford :$bOxford University Press$9(OLS)http://pul/publisher/48013